Dealing with people you can't stand : (Record no. 56191)

MARC details
000 -LEADER
fixed length control field 00769nam a2200253 i 4500
001 - CONTROL NUMBER
control field C2-0241045
003 - CONTROL NUMBER IDENTIFIER
control field PPAK
005 - DATE AND TIME OF LATEST TRANSACTION
control field 20180727203558.0
008 - FIXED-LENGTH DATA ELEMENTS--GENERAL INFORMATION
fixed length control field 020730s2002 nyua|||| ||||| | eng d
020 ## - INTERNATIONAL STANDARD BOOK NUMBER
International Standard Book Number 0071379444
040 ## - CATALOGING SOURCE
Original cataloging agency PPAK
Language of cataloging eng
Transcribing agency PPAK
Description conventions rda
082 04 - DEWEY DECIMAL CLASSIFICATION NUMBER
Classification number 158.2
Edition number 23
090 00 - LOCALLY ASSIGNED LC-TYPE CALL NUMBER (OCLC); LOCAL CALL NUMBER (RLIN)
Classification number (OCLC) (R) ; Classification number, CALL (RLIN) (NR) 158.2
Feature heading BRI
Feature heading G
100 1# - MAIN ENTRY--PERSONAL NAME
Personal name Brinkman, Rick,
Relator term author
245 10 - TITLE STATEMENT
Title Dealing with people you can't stand :
Remainder of title how to bring out the best in people at their worst
264 #1 - PRODUCTION, PUBLICATION, DISTRIBUTION, MANUFACTURE, AND COPYRIGHT NOTICE
Place of production, publication, distribution, manufacture New York :
Name of producer, publisher, distributor, manufacturer McGraw-Hill ,
Date of production, publication, distribution, manufacture, or copyright notice 2002
300 ## - PHYSICAL DESCRIPTION
Extent xix, 226 pages :
Other physical details illustrations ;
Dimensions 23 cm
336 ## - CONTENT TYPE
Source rdacontent
Content type term text
337 ## - MEDIA TYPE
Source rdamedia
Media type term unmediated
338 ## - CARRIER TYPE
Source rdacarrier
Carrier type term volume
650 10 - SUBJECT ADDED ENTRY--TOPICAL TERM
Topical term or geographic name entry element Interpersonal relations ; Psychology, Industrial
700 ## - ADDED ENTRY--PERSONAL NAME
Relator term author
942 ## - ADDED ENTRY ELEMENTS (KOHA)
-- dc
Koha item type Book
Holdings
Withdrawn Not for loan Current library Shelving location Date acquired Full call number Barcode Date last seen Koha item type Total Checkouts Total Renewals Date last checked out
    Perpustakaan Kulim Pinjaman Dewasa 09/10/2002 158.2 BRI A01041548 08/05/2018 Book      
    Perpustakaan Kulim Pinjaman Dewasa 09/10/2002 158.2 BRI A01041549 30/11/2023 Book 1 1 09/03/2019
    Perpustakaan Kulim Pinjaman Dewasa 09/10/2002 158.2 BRI A01041550 08/05/2018 Book      
    Perpustakaan Kulim Pinjaman Dewasa 09/10/2002 158.2 BRI A01041551 06/06/2023 Book 1   15/05/2023
    Perpustakaan Pendang Pinjaman Dewasa 16/10/2008 158.2 BRI A01189305 08/05/2018 Book